000 00532nam a22002417a 4500
003 UA-OsUOA
001 22506
007 ta
008 20031221b un ||||| |||| 00| 0 ukr d
100 _aАфасижев М.Н.
090 _a18
_bА94
942 _cBK
040 _aUA-OsUOA
_brus
_cUA-OsUOA
_dUA-OsUOA
245 _aЭстетика Канта
300 _a134 с.
955 _a0
041 _arus
080 _a18
260 _aМосква
_bНаука
_c1975
044 _aRU
650 7 _2UDC
999 _c308726
_d308726